书目信息 |
| 题名: |
别告诉我你会记笔记
|
|
| 作者: | 美崎荣一郎 著 ;糜玲 译 | |
| 分册: | ||
| 出版信息: | 北京 中信出版社 2011 |
|
| 页数: | 15,159页 | |
| 开本: | 23cm | |
| 丛书名: | ||
| 单 册: | ||
| 中图分类: | B026-49 | |
| 科图分类: | ||
| 主题词: | 工作方法--通俗读物 , 工作方法 | |
| 电子资源: | ||
| ISBN: | 978-7-5086-2733-5 | |
| 000 | 00944nam0 2200253 450 | |
| 001 | 523 | |
| 005 | 20140904155659.96 | |
| 010 | @a978-7-5086-2733-5@dCNY35.00 | |
| 100 | @a20110609d2011 em y0chiy50 ea | |
| 101 | 1 | @achi@cjpn |
| 102 | @aCN@b110000 | |
| 105 | @aa z 000yy | |
| 106 | @ar | |
| 200 | 1 | @a别告诉我你会记笔记@ABie Gao Su Wo Ni Hui Ji Bi Ji@f(日)美崎荣一郎著@F( Ri ) Mei Qi Rong Yi Lang Zhu@g糜玲译 |
| 210 | @a北京@c中信出版社@d2011 | |
| 215 | @a15,159页@c图@d23cm | |
| 330 | @a本书介绍了工作中使用笔记本的方法、工作笔记本的挑选方法与使用方法、以笔记本为工具的工作方法、以笔记本为工具的时间管理法、与自我投资相匹配的笔记法、与数字化工具结合使用的笔记法等内容。 | |
| 606 | 0 | @a工作方法@j通俗读物 |
| 606 | 0 | @a工作方法 |
| 690 | @aB026-49@v5 | |
| 701 | 0 | @c(日)@a美崎荣一郎@AMei Qi Rong Yi Lang@f(1971~)@4著 |
| 702 | 0 | @a糜玲@AMi Ling@c(翻译)@4译 |
| 801 | 0 | @aCN@bTANGWEI@c20140603 |
| 905 | @b0840947-49@dB026-49@e113@f3 | |
| 别告诉我你会记笔记/(日)美崎荣一郎著/糜玲译.-北京:中信出版社,2011 |
| 15,159页:图;23cm |
| ISBN 978-7-5086-2733-5:CNY35.00 |
| 本书介绍了工作中使用笔记本的方法、工作笔记本的挑选方法与使用方法、以笔记本为工具的工作方法、以笔记本为工具的时间管理法、与自我投资相匹配的笔记法、与数字化工具结合使用的笔记法等内容。 |
| ● |
| 相关链接 |
|
|
|
|
正题名:别告诉我你会记笔记
索取号:B026-49/113
 
预约/预借
| 序号 | 登录号 | 条形码 | 馆藏地/架位号 | 状态 | 备注 |
| 1 | 0840947 | 208409471 | 第一样本阅览室/ [索取号:B026-49/113] | 在馆 | |
| 2 | 0840948 | 208409480 | 第一借阅区/ [索取号:B026-49/113] | 在馆 | |
| 3 | 0840949 | 208409499 | 密集书库-物理学院/ [索取号:B026-49/113] | 在馆 |